Costa Rica: cifras del régimen municipal 5 /
En este documento se proporcionan datos estadísticos acerca de las municipalidades, algunos datos económicos, así como de población. La información fue clasificada y procesada para brindar estructuras porcentuales y tasas. LOB/mb
Uloženo v:
| Hlavní autor: | |
|---|---|
| Další autoři: | , |
| Médium: | Text |
| Jazyk: | Spanish |
| Vydáno: |
San José:
IFAM. Dpto. de Publicaciones
|
| Témata: | |
| Tagy: |
Přidat tag
Žádné tagy, Buďte první, kdo vytvoří štítek k tomuto záznamu!
|
MARC
| LEADER | 00000 a a2200000 04500 | ||
|---|---|---|---|
| 001 | 13593 | ||
| 003 | cru CIDCACS/IIS | ||
| 005 | 20231004165235.0 | ||
| 008 | 230919b |||||||| |||| 00| 0 spa d | ||
| 040 | |a cru CIDCACS/IIS |c cru CIDCACS/IIS | ||
| 090 | |a 04.03.03 V215c | ||
| 100 | |a Valverde Pérez, Roberto | ||
| 245 | |a Costa Rica: cifras del régimen municipal 5 / |c Roberto Valverde Pérez | ||
| 260 | |a San José: |b IFAM. Dpto. de Publicaciones | ||
| 300 | |a 133 p | ||
| 300 | |b **no definido** | ||
| 520 | |a En este documento se proporcionan datos estadísticos acerca de las municipalidades, algunos datos económicos, así como de población. La información fue clasificada y procesada para brindar estructuras porcentuales y tasas. LOB/mb | ||
| 650 | |a GOBIERNO LOCAL | ||
| 650 | |a TASA DE CRECIMIENTO | ||
| 650 | |a INDICES DE PRECIOS | ||
| 650 | |a PRODUCTO INTERNO BRUTO | ||
| 650 | |a INGRESO | ||
| 650 | |a DISTRIBUCION GEOGRAFICA | ||
| 650 | |a GASTOS | ||
| 650 | |a POBLACION | ||
| 700 | |a Mena Jiménez, Luis | ||
| 700 | |a Esquivel Alfaro, Jorge | ||
| 852 | 1 | 1 | |h 04.03.03 V215c |i 00066 |
| 942 | |2 z |c LI |h 04.03.03 V215c |i 00066 |6 040303_V215C_00066 | ||
| 999 | |c 14623 |d 14623 | ||
